STN EN 1710: 2005, Zariadenia a súčasti používané v potenciálne výbušných atmosférach v hlbinných baniach

Bibliographic Details
Format: Book
Language:Slovak
PhysicalDescription:40 s.
Published: Bratislava Slovenský ústav technickej normalizácie 2006

MARC

LEADER 00000nam a2200000 a 4500
001 vtls008826954
003 SK-MaSNL
005 20260224074232.0
008 160628s2006 xo f u 000 0 slo
015 |a SNBN2013 
020 |c (cen. skup,) 
040 |a SNK  |b slo  |c SNK  |e AACR2 
041 0 |a slo 
044 |a xo  |c SK 
046 |a s 
084 |a 73.100.30  |2 ICS 
084 |a 29.260.20  |2 ICS 
245 0 0 |a STN EN 1710: 2005, Zariadenia a súčasti používané v potenciálne výbušných atmosférach v hlbinných baniach 
260 |a Bratislava  |b Slovenský ústav technickej normalizácie  |c 2006 
300 |a 40 s. 
500 |a Norma bola nahradená normou STN EN 1710+A1 z augusta 2008 v celom rozsahu 
540 |a Normy sa podľa zákona č. 264/1999 Z. z. nesmú kopírovať 
774 1 8 |t STN EN 1710+A1: 2008  |d Bratislava : Slovenský ústav technickej normalizácie, 2008  |w vtls009348074 
999 |c 910787  |d 912717 
952 |a SNK  |b SNK  |y PREZ  |7 0  |p 17A0514291  |o snkSTN EN 1710  |i snk2006/13043  |8 0  |0 0  |1 0  |4 0  |d 2006-06-28  |l 0  |r 2026-02-24 07:42:32  |w 2026-02-24 
952 |a SNK  |b SNK  |y PREZ  |7 0  |p 17A0514292  |o snkSTN EN 1710 D1  |i snk2006/13044  |8 0  |0 0  |1 0  |4 0  |d 2006-06-28  |l 0  |r 2026-02-24 07:42:32  |w 2026-02-24